00767nam a22001817a 4500003000200000005001700002008004100019050002500060100002700085245010500112260007100217300002600288500003900314504005600353650005500409650006300464650005800527020250214112751.0250214b xxu||||| |||| 00| 0 eng d aBF 575.S5b.G36 2024 aGamboa, Jan Marito O.  aImpact of shyness on the academic engagement of first year college students. cJan Marito O. Gamboa  aLas Pinas CitybSouthville International School and Collegesc2024 aix, 159 pages;c28cm. aBachelor of Science in Psychology. aIncludes bibliographical references and appendices. aShyness —Student engagement -- Higher education. aEducational psychology—Motivation and social inhibition. aAcademic performance—Personality traits, Impact of.